The Complete Reference Visual C++ 6 (Record no. 456)

MARC details
000 -LEADER
fixed length control field 00429nam a2200169Ia 4500
008 - FIXED-LENGTH DATA ELEMENTS--GENERAL INFORMATION
fixed length control field 221030s9999 xx 000 0 und d
020 ## - INTERNATIONAL STANDARD BOOK NUMBER
ISBN 0074638106
041 ## - LANGUAGE CODE
Language code of text/sound track or separate title
082 ## - DEWEY DECIMAL CLASSIFICATION NUMBER
Classification number 105.23
Item number Pap
100 ## - MAIN ENTRY--AUTHOR NAME
Personal name C. H. Pappas
245 #4 - TITLE STATEMENT
Title The Complete Reference Visual C++ 6
Statement of responsibility, etc by C. H. Pappas, W. H. Murray
260 ## - PUBLICATION, DISTRIBUTION, ETC. (IMPRINT)
Name of publisher TMH
Place of publication New Delhi
Year of publication 2002
300 ## - PHYSICAL DESCRIPTION
Number of Pages 1015
650 ## - SUBJECT ADDED ENTRY--TOPICAL TERM
Topical Term BE Computer
700 ## - ADDED ENTRY--PERSONAL NAME
Personal name W. H. Murray
942 ## - ADDED ENTRY ELEMENTS (KOHA)
Koha item type Books
Holdings
Accession Number Cost, normal purchase price Full call number Price effective from Koha item type Withdrawn / writtenoff status Materials specified (bound volume or other part) Damaged status Not for loan Permanent Location Current Location Shelving location Date acquired Lost/ Missing status department
BE 6820 175.00 105.23 Pap 10/30/2022 Books   Print     MIET Library, Jammu MIET Library, Jammu BL-Academic Lbock C, FL-2, CUP-49, SH-2, R-2 06/25/2005   BE